Normal view
MARC view
- SLIDING MODE CONTROL IN ELECTROMECHANCIAL SYSTEMS.SLIDING MODE CONTROL
Entry Topical Term
001 - CONTROL NUMBER
- control field: 60158
003 - CONTROL NUMBER IDENTIFIER
- control field: NUST
005 - DATE AND TIME OF LATEST TRANSACTION
- control field: 20210628202509.0
008 - FIXED-LENGTH DATA ELEMENTS
- fixed length control field: 210628|| aca||aabn | a|a d
040 ## - CATALOGING SOURCE
- Original cataloging agency: NUST
- Transcribing agency: NUST
150 ## - HEADING--TOPICAL TERM
- Topical term or geographic name entry element: SLIDING MODE CONTROL IN ELECTROMECHANCIAL SYSTEMS.SLIDING MODE CONTROL
670 ## - SOURCE DATA FOUND
- Source citation: Work cat.: (NUST): Utkin, Vadim, Guldner, Jurgen, Shi, Jingxin 60157, Sliding mode control in electromechancial systems, 1999
